Congrés de la Premsa Comarcal de Catalunya
Descripción Física:
3 v. (143, 194, 210 f.) ; 30 cm
Colección:
Comunicació ; 8
Materias:
Premsa -- Catalunya -- Congressos
MARC
| LEADER | 00000nam a2200000Ia 4500 | ||
|---|---|---|---|
| 001 | 8852, 8853, 8854 | ||
| 008 | 160829s1981 xx 000 0 cat d | ||
| 080 | |a O-1-6, O-1-7, O-1-8 | ||
| 100 | |a Congrés de la Premsa Comarcal de Catalunya (1r : 1981 : Canyamars) |9 37806 | ||
| 245 | |a Congrés de la Premsa Comarcal de Catalunya | ||
| 260 | |a Barcelona : |b Diputació. Servei de Premsa, |c 1981 | ||
| 300 | |a 3 v. (143, 194, 210 f.) ; |c 30 cm | ||
| 490 | |a Comunicació ; 8 | ||
| 590 | |a Conté: v. 1: Llibre de les pnències i de les comunicacions; v. 2: Llibre del cens; v. 3: Llibre de les informacions | ||
| 650 | |a Premsa |x Catalunya |x Congressos |9 37807 | ||
| 710 | 1 | |9 54967 |a Barcelona (Catalunya : Província). |b Servei de Premsa | |
| 901 | |a Arxiu | ||
| 942 | |n 1 |2 udc | ||
| 952 | |0 0 |1 0 |4 0 |6 O16_O17_O18 |7 1 |9 48090 |a Arxiu |b Arxiu |d 2016-12-01 |l 0 |o O-1-6, O-1-7, O-1-8 |p 8852, 8853, 8854 |r 2016-12-01 00:00:00 |w 2016-12-01 |y ARXIU | ||
| 999 | |c 51893 |d 51893 | ||